000 00640nam a22002177a 4500
003 OSt
005 20250908155459.0
008 250908t2021 ag ||||r|||| 00| f spa d
020 _a978-987-47777-5
040 _cBesoc
080 _082-31(73)
100 1 _aReid, Talyor Jenkins,
_d1983-
_eautor
245 1 0 _aMalibú renace /
_cTaylor Jenkins Reid ; traducción de Marta de Bru de Sala i Martí.
250 _a1a ed. 1a reimp.
260 _aBuenos Aires :
_bUmbriel,
_c2021.
300 _a384 p. ;
_c23 cm.
490 0 _aContemporánea
650 _aLiteratura norteamericana
_xNovela
_zSiglo XXI
655 4 _aNovela
942 _2udc
_cLPD
_n0
999 _c580
_d580